Word Ladder: Crime Drama Producer Quiz Stats

 Plays Quiz Updated May 10, 2016

Challenge
Share
Tweet
Embed
Score 0/40 Timer 04:00
0 Plays Today
Hint 4-Letter Word % Correct
✰ Producer's show: 'Miami ___' ✰✰ VICE ✰
98.3%
Steppenwolf song: '___ to Be Wild'BORN
97.3%
Injure with heatBURN
97.1%
To put a corpse into the groundBURY
97%
Yahtzee game piecesDICE
96.7%
'The Wizard of Oz' star: ___ GarlandJUDY
96%
Wally and Beaver's mom OR sixth monthJUNE
96%
✰ Producer's show: 'Law & Order: Trial by ____' ✰✰ JURY ✰
95.9%
Twain character: Huckleberry ___FINN
95.8%
Climbing or trailing plantVINE
95%
Lion's shaggy partMANE
94.9%
Large shopping complexMALL
94.4%
Mound of sandDUNE
94.3%
To drill a holeBORE
92.1%
To distribute playing cardsDEAL
91.5%
Penultimate New Testament bookJUDE
91.4%
Of high qualityFINE
91%
✰ 46th VP Cheney; crime drama producer ___ [last rung] ✰✰ DICK ✰
90.5%
✰ Producer's show: 'Chicago ___' ✰✰ FIRE ✰
89%
Capital of MaldivesMALÉ
87.3%
Hint 4-Letter Word % Correct
'Land of 10,000 Lakes' state (abbrev.)MINN.
86.8%
Unit of laundryLOAD
85.7%
Heavy metal; Pb #82LEAD
84.9%
Extremely serious or urgentDIRE
84.7%
✰ Producer's show: '___ & Machine' ✰✰ MANN ✰
81.5%
✰ Producer's show: '___ Again' ✰✰ DEAD ✰
81.4%
Old word for 'sustain'DURE
81.4%
Master, rulerLORD
80.7%
Socially awkward personDORK
79.6%
Days long pastYORE
77.7%
✰ Producer's show: 'New ___ Undercover' ✰✰ YORK ✰
75.8%
Small wooded valleyDELL
73.7%
Wild North American sheepDALL
72.2%
Informer, tattletaleFINK
70.4%
Traditional Scottish daggerDIRK
67.4%
✰ Lupine animal; crime drama producer [first rung] ___✰ WOLF ✰
67.2%
Soft drop shot in tennisDINK
65.2%
128 cubic feet of woodCORD
64.3%
✰ Producer's show: '___ Justice' ✰✰ COLD ✰
47%
High, uncultivated land WOLD
46.3%

Today's Daily Dose

You're not logged in!

Compare scores with friends on all Sporcle quizzes.
OR
Log In

You Might Also Like...

Show Comments

Extras

Top Quizzes Today


Score Distribution

Your Account Isn't Verified!

In order to create a playlist on Sporcle, you need to verify the email address you used during registration. Go to your Sporcle Settings to finish the process.

Report this User

Report this user for behavior that violates our Community Guidelines.

Details: